Musique - 1 album par année (1980-2000) - Images - Statistiques

Statistiques générales
  • Ce quiz a été pris 251 fois
  • Le résultat moyen est 9 sur 20
Statistiques - réponses
Par images Hint Réponse % Correct
1991 Nirvana - Nevermind
92%
1997 Louise Attaque - Louise Attaque
88%
1996 2 Pac - All Eyez on Me
77%
1986 Madonna - True Blue
76%
1995 Michael Jackson - HIStory
71%
1981 Michel Sardou - Les Lacs du Connemara
67%
1982 Indochine - L'Aventurier
65%
1987 Guns N' Roses - Appetite for Destruction
57%
1993 IAM - Ombre est lumière
54%
1984 Bruce Springsteen - Born in the U.S.A.
49%
1985 Dire Straits - Brothers in Arms
44%
1983 The Police - Synchronicity
42%
1994 Oasis - Definitely Maybe
30%
1988 Metallica - ... And Justice for All
28%
1990 Depeche Mode - Violator
26%
1992 R.E.M. - Automatic for the People
25%
1989 The Cure - Disintegration
25%
1998 Massive Attack - Mezzanine
18%
1999 Santana - Supernatural
14%
2000 Backstreet Boys - Black & Blue
2%
Aucun quiz correspondant
Distribution des résultats
% des personnes avec chaque résultat
Percentile par nombre de réponses
Votre historique - résultats
Vous n’avez pas pris ce quiz